|
|
|
|
| LEADER |
03083nam a2200529 4500 |
| 001 |
978-981-13-2116-0 |
| 003 |
DE-He213 |
| 005 |
20191027122116.0 |
| 007 |
cr nn 008mamaa |
| 008 |
181010s2019 si | s |||| 0|eng d |
| 020 |
|
|
|a 9789811321160
|9 978-981-13-2116-0
|
| 024 |
7 |
|
|a 10.1007/978-981-13-2116-0
|2 doi
|
| 040 |
|
|
|d GrThAP
|
| 050 |
|
4 |
|a TJ807-830
|
| 072 |
|
7 |
|a THX
|2 bicssc
|
| 072 |
|
7 |
|a TEC031010
|2 bisacsh
|
| 072 |
|
7 |
|a THV
|2 thema
|
| 082 |
0 |
4 |
|a 621.042
|2 23
|
| 245 |
1 |
0 |
|a Renewable Energy and its Innovative Technologies
|h [electronic resource] :
|b Proceedings of ICEMIT 2017, Volume 1 /
|c edited by Jayeeta Chattopadhyay, Rahul Singh, Om Prakash.
|
| 250 |
|
|
|a 1st ed. 2019.
|
| 264 |
|
1 |
|a Singapore :
|b Springer Singapore :
|b Imprint: Springer,
|c 2019.
|
| 300 |
|
|
|a XIII, 244 p. 109 illus., 80 illus. in color.
|b online resource.
|
| 336 |
|
|
|a text
|b txt
|2 rdacontent
|
| 337 |
|
|
|a computer
|b c
|2 rdamedia
|
| 338 |
|
|
|a online resource
|b cr
|2 rdacarrier
|
| 347 |
|
|
|a text file
|b PDF
|2 rda
|
| 520 |
|
|
|a The book features innovative scientific research by scientists, academicians and students, presented at the International Conference on Energy, Materials and Information Technology, 2017 at Amity University Jharkhand, India. Covering all the promising renewable energies and their related technologies, such as wind, solar and biomass energy, it compiles current important scientific research in this field and addresses how it can be applied in an interdisciplinary manner. The selected conference papers provide important data and parameters for utilizing the main potential renewable energies, and allowing an economic and environmental assessment. The book is a valuable resource for all those who are interested in the physical and technical principles of promising ways to utilize various renewable energies.
|
| 650 |
|
0 |
|a Renewable energy resources.
|
| 650 |
|
0 |
|a Materials science.
|
| 650 |
|
0 |
|a Force and energy.
|
| 650 |
|
0 |
|a Energy systems.
|
| 650 |
|
0 |
|a Fossil fuels.
|
| 650 |
1 |
4 |
|a Renewable and Green Energy.
|0 http://scigraph.springernature.com/things/product-market-codes/111000
|
| 650 |
2 |
4 |
|a Energy Materials.
|0 http://scigraph.springernature.com/things/product-market-codes/Z21000
|
| 650 |
2 |
4 |
|a Energy Systems.
|0 http://scigraph.springernature.com/things/product-market-codes/115000
|
| 650 |
2 |
4 |
|a Fossil Fuels (incl. Carbon Capture).
|0 http://scigraph.springernature.com/things/product-market-codes/114000
|
| 700 |
1 |
|
|a Chattopadhyay, Jayeeta.
|e editor.
|4 edt
|4 http://id.loc.gov/vocabulary/relators/edt
|
| 700 |
1 |
|
|a Singh, Rahul.
|e editor.
|4 edt
|4 http://id.loc.gov/vocabulary/relators/edt
|
| 700 |
1 |
|
|a Prakash, Om.
|e editor.
|4 edt
|4 http://id.loc.gov/vocabulary/relators/edt
|
| 710 |
2 |
|
|a SpringerLink (Online service)
|
| 773 |
0 |
|
|t Springer eBooks
|
| 776 |
0 |
8 |
|i Printed edition:
|z 9789811321153
|
| 776 |
0 |
8 |
|i Printed edition:
|z 9789811321177
|
| 776 |
0 |
8 |
|i Printed edition:
|z 9789811347337
|
| 856 |
4 |
0 |
|u https://doi.org/10.1007/978-981-13-2116-0
|z Full Text via HEAL-Link
|
| 912 |
|
|
|a ZDB-2-ENG
|
| 950 |
|
|
|a Engineering (Springer-11647)
|